000 00692namaa2200205 i 4500
001 178939
003 ES-MaACL
005 20250930063153.0
008 110810s1906 fr | |||| ||fre d
080 _a631.52
100 1 _aCostantin, Julien-Noël,
_d1857-1936
_9147563
245 1 3 _aLe transformisme appliqué à l'agriculture /
_cpar J. Costantin.
260 0 _aParis :
_bFélix Alcan,
_c1906.
300 _a300 p. :
_bil. ;
_c22 cm.
490 1 _aBibliothèque scientifique internationale ;
_v106
650 4 _aPlantas cultivadas.
_9136704
830 0 _aBibliothèque scientifique internationale ;
_v106
_9186949
852 _aES-MaACL
_jF-14434
999 _c178939
_d178939